Missing Word: Movies with Abbreviations Quiz Stats

Quiz Updated Mar 9, 2016

Challenge
Share
Tweet
Embed
Score 0/20 Timer 04:00
1 Play Today
Movie Title Missing Word % Correct
P.S. I ___ YouLove
96.9%
Kill ___: Vol. 1Bill
96.7%
Mrs. ___Doubtfire
93.2%
___, Inc.Monsters
90.5%
A.I. Artificial ___Intelligence
86.6%
E.T. The Extra-___Terrestrial
85.5%
Love Potion No. ___9
85%
Freddy vs. ___Jason
68.2%
L.A. ___Confidential
67.4%
Mr. ___ PenguinsPopper's
66.9%
Movie Title Missing Word % Correct
One ___ Years B.C.Million
61.7%
U.S. ___Marshals
51.7%
___ Blvd.Sunset
49.5%
Harper ___ P.T.A.Valley
46.5%
Sgt. ___Bilko
43%
The Island of Dr. ___Moreau
39.8%
The Pursuit of D.B. ___Cooper
30%
The Bells of St. ___Mary's
28.9%
___ A.D.Babylon
13.4%
___ Bill, Jr.Steamboat
4.1%

Today's Daily Dose

You're not logged in!

Compare scores with friends on all Sporcle quizzes.
Join for Free
OR
Log In

You Might Also Like...

Show Comments

Extras

Top Quizzes Today


Score Distribution

Your Account Isn't Verified!

In order to create a playlist on Sporcle, you need to verify the email address you used during registration. Go to your Sporcle Settings to finish the process.

Report this User

Report this user for behavior that violates our Community Guidelines.

Details: